000 02128nam0a2200361 4500
001 RU\NLR\BIBL_A\011440601
005 20260406132639.0
010 _a9785426304536
_9150
021 _aRU
_b2017-47812
_93432
035 _a(RuMoRGB)008928605
035 _a(NLR Aleph) 011440601
090 _a11699973
_c11699973
100 _a20170718d2017 u y0rusy50 ca
101 0 _arus
102 _aRU
105 _aa z 100zy
200 1 _aПроблемы современного математического образования
_eматериалы Российско-Американского симпозиума, 18-20 ноября 2016 г., [Teachers college, Columbia university
_fпод редакцией А. П. Карпа и С. А. Поликарпова]
210 _aМосква
_cМПГУ
_d2017
215 _a147 с.
_cцв. ил.
_d20
300 _aВ надзаг.: Министерство образования и науки Российской Федерации, Федеральное государственное бюджетное образовательное учреждение высшего образования "Московский педагогический государственный университет"
320 _aБиблиогр. в конце ст.
606 _aФизико-математическое образование
_jСъезды, совещания и т.п
_92495042
_3RU\NLR\AUTH\661480160
686 _aЧ426.24,6(2)я431(0)
_2rubbk
686 _aВ1р(0)3я431(0)
_2rubbk
686 _aЧ426.24,6(3)я431(0)
_2rubbk
686 1 _aЧ458.2я431
702 1 _4340
_7ca
_8rus
_aКарп
_bА. П.
_f1959-
_gАлександр Поэлевич
_9111957
_3RU\NLR\AUTH\771940
711 1 2 _a"Проблемы современного математического образования", российско-американский симпозиум
_eНью-Йорк
_f2016
_9564007
_3RU\NLR\AUTH\880450213
942 _cBOOK
980 _aNBR